| 000 | 00404nam a2200157 a 4500 | ||
|---|---|---|---|
| 005 | 20140412111407.0 | ||
| 008 | 070710s19uu xx 00 eng d | ||
| 020 | _a983-137-907-1 | ||
| 050 |
_aER _bHa11 2001 |
||
| 245 |
_aHansel and Gretel : _bCinderella. |
||
| 260 |
_aMalaysia : _bRCDS Sdn, _c2001. |
||
| 300 | _a31 | ||
| 440 | _aClassic fairy tales | ||
| 650 | _aChildren stories | ||
| 999 |
_c105571 _d105571 |
||